000 00694nam a2200253Ia 4500
003 OSt
005 20221007104657.0
006 a|||||r|||| 00| 0
007 ta
008 221006b |||||||| |||| 00| 0 eng d
024 _a16,522
037 _cTextual
040 _aLCO
_cLCO
_beng
041 _2eng
_aeng
082 _aZ2,5238, L7
100 _aShrivastava H.P
_9701796
245 0 _aLaw Relating to Prevention of Food Adulteration in India
250 _a5th
260 _aIndore
_bNational Law House India
_c1977
300 _a136+108+ix
650 _aFOOD ADULTERATION
_9693728
942 _hZ2,5238, L7
_cTEXL
999 _c1186085
_d1186085